La città e l'isola : omosessuali al confino nell'Italia fascista /
I tiakina i:
| Ngā kaituhi matua: | , |
|---|---|
| Hōputu: | Pukapuka |
| Reo: | Itāriana |
| I whakaputaina: |
Roma :
Donzelli,
[2006]
|
| Rangatū: | Saggine ;
91 |
| Ngā marau: | |
| Ngā Tūtohu: |
Kāore He Tūtohu, Me noho koe te mea tuatahi ki te tūtohu i tēnei pūkete!
|
MARC
| LEADER | 00000nam a22000007i 4500 | ||
|---|---|---|---|
| 001 | IT\ICCU\RAV\1435066 | ||
| 003 | ItRI | ||
| 005 | 20260213131439.0 | ||
| 008 | 060506s2006 it |||||| ||||| |||||c | ||
| 020 | |a 8860360315 | ||
| 040 | |b ita |c ct | ||
| 041 | 7 | |a ita |2 ISO-639-2 | |
| 100 | 1 | |a Goretti, Gianfranco |0 IT\ICCU\RAVV\466746 |4 aut | |
| 240 | 1 | 3 | |a La città e l'isola |9 Goretti, Gianfranco |
| 245 | 1 | 3 | |a La città e l'isola : |b omosessuali al confino nell'Italia fascista / |c Gianfranco Goretti e Tommaso Giartosio. |
| 260 | |a Roma : |b Donzelli, |c [2006] | ||
| 300 | |a XI, 275 p. : |b ill. ; |c 17 cm. | ||
| 650 | 7 | |a Omosessuali |x Catania |x 1939-1940 |x Diari e memorie |2 scbi | |
| 650 | 7 | |a Omosessuali |x Persecuzioni |x Italia |x 1939-1940 |x Diari e memorie |2 scbi | |
| 700 | 1 | |a Giartosio, Tommaso |0 IT\ICCU\LO1V\154233 |4 aut | |
| 830 | 0 | |a Saggine ; |v 91 |0 IT\ICCU\RAV\0233095 | |
| 942 | |2 ddc |c BK | ||
| 952 | |0 0 |1 0 |2 ddc |4 0 |6 306_766000000000000_GOR_CIT |7 0 |9 4035 |a AO |b AO |d 2025-04-29 |l 0 |o 306.766 GOR CIT |p 11220 |r 2025-04-29 10:48:44 |w 2025-04-29 |y BK | ||
| 952 | |0 0 |1 0 |2 ddc |4 0 |6 B_SST03GORGICIT11 |7 0 |9 8778 |a MI |b MI |d 2006-11-16 |i 5210 |l 0 |o B-SST03-GORGI-CIT11 |p CDOM5210 |r 2025-07-17 21:50:35 |w 2025-07-17 |x DONO |y BK | ||
| 952 | |0 0 |1 0 |2 ddc |4 0 |6 305_366000000000000_GOR_CIT |7 0 |9 9459 |a VT |b VT |d 2025-08-05 |e Donazione Maurizio Gregorini |i B161 |l 0 |o 305.366 GOR CIT |p B161 |r 2025-08-05 17:07:35 |w 2025-08-05 |y BK | ||
| 952 | |0 0 |1 0 |2 ddc |4 0 |6 305_366000000000000_GOR_CIT2 |7 1 |9 9503 |a VT |b VT |d 2025-08-07 |e Acq. Arcigay Viterbo su donazione di Banca Lazio Nord |i B190 |l 0 |o 305.366 GOR CIT(2) |p B190 |r 2025-08-07 11:49:22 |w 2025-08-07 |y BK |z Acq. Arcigay Viterbo su donazione di Banca Lazio Nord | ||
| 952 | |0 0 |1 0 |4 0 |6 DOC_306_766000000000000_GOR |7 0 |9 16159 |a BO |b BO |d 2026-01-15 |i 12361 |l 0 |o DOC 306.766 GOR |p BO12361 |r 2026-01-15 23:19:16 |w 2026-01-15 |x [Sebina 5] [1 v. (3. copia)] |y BK |z 1 v. (3. copia) | ||
| 952 | |0 0 |1 0 |4 0 |6 DOC_306_766000000000000_GOR |7 0 |9 16160 |a BO |b BO |d 2026-01-15 |i 12333 |l 0 |o DOC 306.766 GOR |p BO12333 |r 2026-01-15 23:19:16 |w 2026-01-15 |x [Sebina 5] [1 v.] |y BK |z 1 v. | ||
| 952 | |0 0 |1 0 |4 0 |6 DOC_306_766000000000000_GOR |7 0 |9 16161 |a BO |b BO |d 2026-01-15 |i 10042 |l 0 |o DOC 306.766 GOR |p BO10042 |r 2026-01-15 23:19:16 |w 2026-01-15 |x [Sebina 5] [1 v.] |y BK |z 1 v. | ||
| 952 | |0 0 |1 0 |2 ddc |4 0 |6 306_760000000000000_GOR_CIT |7 0 |9 33048 |a VR |b VR |d 2026-02-17 |i 126 |l 0 |o 306.760 GOR CIT |p OBE-126 |r 2026-02-17 23:33:16 |w 2026-02-17 |y BK | ||
| 999 | |c 7295 |d 7295 | ||